Catálogo
 En Linea

Razón, fe y poder en la era de Trujillo / (Registro nro. 43269)

Detalles MARC
000 -CABECERA
campo de control de longitud fija 00413nam a2200133 a 4500
001 - NÚMERO DE CONTROL
campo de control 000043780
005 - FECHA Y HORA DE LA ÚLTIMA TRANSACCIÓN
campo de control 20201002044951.0
008 - DATOS DE LONGITUD FIJA--INFORMACIÓN GENERAL
campo de control de longitud fija 140428s1996 dr 000 0 spa d
040 ## - FUENTE DE LA CATALOGACIÓN
Centro catalogador/agencia de origen DO-SdBNP
Lengua de catalogación spa
Centro/agencia transcriptor BNPHU
100 1# - ENTRADA PRINCIPAL--NOMBRE DE PERSONA
Nombre de persona Pimentel, Miguel A.
9 (RLIN) 54054
245 10 - MENCIÓN DE TÍTULO
Título Razón, fe y poder en la era de Trujillo /
Mención de responsabilidad, etc. Miguel A. Pimentel.
260 ## - PUBLICACIÓN, DISTRIBUCIÓN, ETC.
Lugar de publicación, distribución, etc. [Santo Domingo] :
Nombre del editor, distribuidor, etc. Texto Estilo,
Fecha de publicación, distribución, etc. 1996.
300 ## - DESCRIPCIÓN FÍSICA
Extensión v. (113) p. ;
Dimensiones 22 cm.
Existencias
Estado de retiro Estado de pérdida No para préstamo Código de colección Localización permanente Ubicación/localización actual Ubicación en estantería Fecha de adquisición Número de inventario Total de préstamos Signatura topográfica completa Código de barras Fecha visto por última vez Precio válido a partir de Tipo de ítem Koha
    Excluido de préstamo Patrimonio Dominicano Patrimonio Dominicano Patrimonio Dominicano Depósito 28.04.2014 LF1   43780-10 25.06.2020 25.06.2020 Libro y Folleto Colección Patrimonio Dominicano

Con tecnología Koha